000 00311nam a2200145 i 4500
001 bg
100 1 _aCYKINA, A. V.
245 0 _aUsiliteli /
_cA.V. Cykina.
260 _aMoskva,
_c1972.
040 _cBPK
041 _apol
080 _a621.375.1
942 _cKS
008 s pl f |000 0 pol
999 _c15001
_d15001
856 _uhttp://koha.tu.koszalin.pl/cgi-bin/koha/opac-detail.pl?biblionumber=15001
_yKatalog online BPK